Продуктивность и структура лугов пустынной зоны / (Record no. 166379)
[ view plain ]
| 000 -LEADER | |
|---|---|
| fixed length control field | 01243nam a2200265 u 4500 |
| 001 - CONTROL NUMBER | |
| control field | 000457563 |
| 003 - CONTROL NUMBER IDENTIFIER | |
| control field | AM-YeHGA |
| 005 - DATE AND TIME OF LATEST TRANSACTION | |
| control field | 20250617133515.0 |
| 008 - FIXED-LENGTH DATA ELEMENTS--GENERAL INFORMATION | |
| fixed length control field | 041012s1989 ||| r 000 0 rus d |
| 020 ## - INTERNATIONAL STANDARD BOOK NUMBER | |
| International Standard Book Number | 5628003352 |
| 040 ## - CATALOGING SOURCE | |
| Original cataloging agency | AM-YeHGA |
| 041 0# - LANGUAGE CODE | |
| Language code of text/sound track or separate title | rus |
| 090 ## - LOCALLY ASSIGNED LC-TYPE CALL NUMBER (OCLC); LOCAL CALL NUMBER (RLIN) | |
| -- | 167806 |
| 100 1# - MAIN ENTRY--PERSONAL NAME | |
| Personal name | Плисак, Римма Петровна |
| 245 10 - TITLE STATEMENT | |
| Title | Продуктивность и структура лугов пустынной зоны / |
| Statement of responsibility, etc. | Р.П. Плисак, Н.П. Огарь, Б.М. Султанова; АН КазССР. Ин-т ботаники. |
| 260 ## - PUBLICATION, DISTRIBUTION, ETC. | |
| Place of publication, distribution, etc. | Алма-Ата : |
| Name of publisher, distributor, etc. | Наука КазССР, |
| Date of publication, distribution, etc. | 1989. |
| 300 ## - PHYSICAL DESCRIPTION | |
| Extent | 186 с. |
| 504 ## - BIBLIOGRAPHY, ETC. NOTE | |
| Bibliography, etc. note | Библиогр.: с. 170-184 |
| 653 0# - INDEX TERM--UNCONTROLLED | |
| Uncontrolled term | Речной сток - Регулирование - Влияние на растительность |
| 653 0# - INDEX TERM--UNCONTROLLED | |
| Uncontrolled term | Луга и пастбища пустынь и полупустынь - Или, р.-дельта - Значение антропического фактора |
| 700 1# - ADDED ENTRY--PERSONAL NAME | |
| Personal name | Огарь, Наталья Петровна |
| 700 1# - ADDED ENTRY--PERSONAL NAME | |
| Personal name | Султанова, Бахыт Мендыхановна |
| 710 2# - ADDED ENTRY--CORPORATE NAME | |
| Corporate name or jurisdiction name as entry element | Академия наук КазССР |
| 710 2# - ADDED ENTRY--CORPORATE NAME | |
| Corporate name or jurisdiction name as entry element | Институт ботаники АН КазССР |
| Withdrawn status | Lost status | Damaged status | Not for loan | Collection | Home library | Current library | Date acquired | Total checkouts | Full call number | Barcode | Date last seen | Price effective from | Koha item type | Public note |
|---|---|---|---|---|---|---|---|---|---|---|---|---|---|---|
| General | Fundamental Scientific Library | Fundamental Scientific Library | 28/12/2016 | 581.526.45(574) | 120611856 | 28/12/2016 | 28/12/2016 | Գրքեր / Books | 30 Days Loan | |||||
| General | Fundamental Scientific Library | Fundamental Scientific Library | 28/12/2016 | 581.526.45(574) | 120614748 | 28/12/2016 | 28/12/2016 | Գրքեր / Books | 30 Days Loan |
ՀՀ Գիտությունների ազգային ակադեմիայի հիմնարար գիտական գրադարան = Fundamental Scientific Library of NAS RA
All site content, except where otherwise noted, is licensed under a